| 000 | 00588nam a2200157 a 4500 | ||
|---|---|---|---|
| 008 | 200720s1994 ||||||||||||||||| || u | ||
| 020 | _a9780521349949 | ||
| 050 | _aJC 233 Mar | ||
| 100 | _aO'Mally, Joseph | ||
| 245 | 1 | 0 |
_aMarx : Early political writings _cEdited by Joseph O'Mally |
| 260 |
_aCambridge _bCambridge University Press _c1994 |
||
| 300 | _axxxiv,194 pages | ||
| 350 | _a28.03 | ||
| 650 | 0 | _aPOLITICAL SCIENCE | |
| 995 |
_FCBU-MAIN LIBRARY (Kitwe) _I28.03 _M1 _UAVAILABLE _WJul 20, 2020 _ZMain Library Open Access Collection |
||
| 999 |
_c50547 _d50547 |
||